000 00781nam a2200253Ia 4500
003 OSt
005 20220918170217.0
006 a|||||r|||| 00| 0
007 ta
008 220917b |||||||| |||| 00| 0 eng d
020 _a978 81 250 3748 4 (pbk)
_c345
024 _a256,834
037 _b33107, 07/10/2011, Segment Book Distributors
_cTextual
040 _aARTS
_cARTS
_beng
041 _2eng
_aeng
082 _aP111, P9
100 _aPhillipson Ropbert
_927670
245 0 _aLinguistic imperialism continued
260 _aHyderabad
_bOrient Blackswan Pvt. Ltd. India
_c2009
300 _a279p.
_ccm.
650 _aLINGUISTICS
942 _hP111, P9
_cTEXL
_2CC
999 _c133102
_d133102